|
|
|
|
| LEADER |
00000nas a2200000 a 4500 |
| 001 |
ssj0006551 |
| 003 |
WaSeSS |
| 005 |
20200512172242.0 |
| 006 |
m d |
| 007 |
cr n |
| 008 |
980422c19929999nyubr pss 0 0eng c |
| 010 |
|
|
|a 2003233194
|
| 016 |
7 |
|
|a 2006763-X
|2 DE-600
|
| 016 |
7 |
|
|a 012433791
|2 Uk
|
| 022 |
|
|
|a 1873-460X
|l 1056-8727
|y 1056-8727
|
| 035 |
|
|
|a (WaSeSS)ssj0006551
|
| 040 |
|
|
|a OH1
|b eng
|c OH1
|d OCL
|d OCLCQ
|d GUA
|d OCLCQ
|d NSD
|d U9S
|d OCLCQ
|d OCLCO
|d MYG
|d OCLCQ
|d OPELS
|d OCLCF
|d OCLCO
|d OCLCQ
|d OCLCO
|d OCLCQ
|d BUF
|d FQM
|d AU@
|d OCLCO
|d WYU
|d UKMGB
|d AUD
|d U3W
|d VT2
|d OCLCO
|d OCLCA
|d LEAUB
|d OCLCO
|d OCLCA
|d WaSeSS
|
| 042 |
|
|
|a pcc
|
| 050 |
1 |
4 |
|a RC660.A1
|
| 060 |
0 |
0 |
|a W1
|b JO619VD
|
| 082 |
1 |
4 |
|a 616
|2 12
|
| 130 |
0 |
|
|a Journal of diabetes and its complications (Online)
|
| 245 |
1 |
0 |
|a Journal of diabetes and its complications
|h [electronic resource].
|
| 260 |
|
|
|a New York, NY :
|b Elsevier Science Pub. Co.
|
| 310 |
|
|
|a Bimonthly,
|b 1996-
|
| 321 |
|
|
|a Quarterly,
|b <1995>
|
| 362 |
1 |
|
|a Print began with vol. 6, no. 1 (Jan./Mar. 1992).
|
| 506 |
|
|
|a License restrictions may limit access.
|
| 521 |
|
|
|a "Those who treat patients with diabetes and its disorders, including endocrinologists, urologists, and nephrologists."
|
| 525 |
|
|
|a Supplements accompany some issues.
|
| 588 |
|
|
|a Description based on: Vol. 9, issue 1 (Jan./Mar. 1995); title from contents screen (ScienceDirect, viewed Oct. 17, 2003).
|
| 588 |
|
|
|a Latest issue consulted: Vol. 17, issue 5 (Sept./Oct. 2003), viewed Oct. 17, 2003.
|
| 650 |
|
0 |
|a Diabetes
|v Periodicals.
|
| 650 |
|
0 |
|a Diabetes
|x Complications
|v Periodicals.
|
| 650 |
|
6 |
|a Diabète
|x Périodiques.
|
| 650 |
|
7 |
|a Diabetes.
|2 fast
|0 (OCoLC)fst00892147
|
| 650 |
|
7 |
|a Diabetes
|x Complications.
|2 fast
|0 (OCoLC)fst00892153
|
| 650 |
|
2 |
|a Diabetes Mellitus
|x periodicals.
|
| 650 |
|
2 |
|a Diabetes Mellitus
|x complications
|x periodicals.
|
| 650 |
|
2 |
|a Diabetes Complications.
|
| 650 |
|
2 |
|a Diabetes Mellitus.
|
| 650 |
|
2 |
|a Diabetes Mellitus
|v Periodicals.
|
| 650 |
|
2 |
|a Diabetes Mellitus
|x complications
|v Periodicals.
|
| 655 |
|
0 |
|a Electronic journals.
|
| 776 |
0 |
8 |
|i Print version:
|t Journal of diabetes and its complications
|x 1056-8727
|w (DLC)sn 91001289
|w (OCoLC)23882563
|
| 780 |
0 |
0 |
|t Journal of diabetic complications (Online)
|w (DLC) 2013242202
|w (OCoLC)60639148
|
| 856 |
4 |
0 |
|z Full text available from Research Library: 01/01/2003 to 2 months ago
|u https://search.proquest.com/publication/1226340
|